Mạng lưới điện; T2: Tính chế độ xác lập của các mạng và hệ thống điện phức tạp ( Giáo trình dành cho các trường đại học )

Đã lưu trong:
書目詳細資料
主要作者: Nguyễn Văn Đạm
格式: 圖書
語言:Undetermined
出版: Hà Nội KHKT 2000
主題:
標簽: 添加標簽
沒有標簽, 成為第一個標記此記錄!
Thư viện lưu trữ: Trung tâm Học liệu Trường Đại học Cần Thơ
LEADER 00812nam a2200193Ia 4500
001 CTU_40490
008 210402s9999 xx 000 0 und d
020 |b 21.500đ 
082 |a 621.319 
082 |b Đ104/T2 
100 |a Nguyễn Văn Đạm 
245 0 |a Mạng lưới điện; T2: Tính chế độ xác lập của các mạng và hệ thống điện phức tạp ( Giáo trình dành cho các trường đại học ) 
245 0 |c Nguyễn Văn Đạm 
260 |a Hà Nội 
260 |b KHKT 
260 |c 2000 
650 |a electric network analysis,electric power distribution,electric power systems - management,electric power transmission - equipments and supplies 
904 |i Minh, 010319 
980 |a Trung tâm Học liệu Trường Đại học Cần Thơ